01758nam a2200325 a 450000100100000000500170001000800410002702000180006804000250008608200200011110000360013124501990016726000520036630000380041859000260045665000370048265000400051965000230055965000280058265000320061065000500064270000440069291000380073695201330077495201330090795201330104095201180117395201240129199900170141500004323520201002040739.0140226s2013 dr a r 000 0 spa d a9789993424888 aDO-SdBNPbspacBNPHU a363.7396bH557c1 aHernández, Ana Jesús93458910aContaminación de suelos y sus efectos en la salud de ecosistemas y salud humana :btalleres para la investigación con estudiantes /cAna Jesús Hernández, Ma. Jesús Gutiérrez Ginés. aSanto Domingo :bCentro Cultural Poveda,c2013. a136 p. :bil. ;c22 cm. +eCD-ROM aInventariado, 2018/BT 4aContaminación de suelos970827 4aSuelosxAspectos ambientales940033 4aEcosistemas940034 4aEcología humana92035 4aEcología de suelos970828 4aHombresxInfluencia del medio ambiente9179821 aGutiérrez Ginés, Ma. Jesús970829 aValidado. Control de calidad. EMS 001054708DSaGRbGRcHDd2014-02-26iLF1l0o363.7396 H557cp43235-30r2020-06-25te. 3w2020-06-25yLFDSZPréstamo en sala 001054708DSaGRbGRcHDd2019-01-22iLF1l0o363.7396 H557cp43235-40r2020-06-25te. 4w2020-06-25yLFDSZPréstamo en sala 001154708DSaGRbGRcMId2019-01-22iLF1l0o363.7396 H557cp43235-50r2020-06-25te. 5w2020-06-25yLFDSZPréstamo en sala 0010718PDaPDbPDcHDd2014-02-26iLF1l0o363.7396 H557cp43235-10r2020-06-25w2020-06-25yLFPDZNo se presta 0010718PDaPDbPDcHDd2014-02-26iLF1l0o363.7396 H557cp43235-20r2020-06-25te. 2w2020-06-25yLFPDZNo se presta c42724d42724